[Event "Corsica-chT"]
[Site "Travo"]
[Date "2006.03.??"]
[Round "2.1"]
[White "Szymanski, Piotr2222"]
[Black "Filippini, Herve"]
[Result "1-0"]
[WhiteElo "1873"]
[BlackElo "1640"]
[PlyCount "72"]
[EventDate "2006.04.09"]
[EventType "team"]
[EventRounds "3"]
[EventCountry "FRA"]
[SourceTitle "EXT 2007"]
[Source "ChessBase"]
[SourceDate "2006.11.23"]
[SourceVersion "1"]
[SourceVersionDate "2006.11.23"]
[SourceQuality "1"]

1. e4 e5 2. Nf3 Nc6 3. Bc4 Nf6 4. 0-0 Bc5 5. d3 d6 6. h3 0-0 7. Bg5 Be6 8. Bb3 Nd4 9. c3 Nxb3 10. axb3 Bb6 11. Nbd2 c6 12. d4 Bc7 13. Nc4 Bxc4 14. bxc4 Re8 15. Nd2 b6 16. f4 Qe7 17. d5 c5 18. fxe5 dxe5 19. Bxf6 gxf6 20. Rf5 Kh8 21. Qf3 Bd8 22. Rf1 Qf8 23. Qg4 Qg7 24. Qxg7+ Kxg7 25. b4 a5 26. bxc5 bxc5 27. Nb3 a4 28. Na1 Rb8 29. R5f2 Be7 30. Ra2 Ra8 31. Nc2 Kg6 32. Na3 Reb8 33. Nb5 Rb6 34. Rfa1 f5 35. exf5+ Kxf5 36. Rf1+ Kg6 1-0

[Event "Porticcio op 6th"]
[Site "Porticcio"]
[Date "2005.03.??"]
[Round "4"]
[White "Have, Didier"]
[Black "Filippini, Herve"]
[Result "1-0"]
[WhiteElo "1940"]
[BlackElo "1730"]
[PlyCount "79"]
[EventDate "2005.03.??"]
[EventType "swiss"]
[EventRounds "7"]
[EventCountry "FRA"]
[SourceTitle "EXT 2007"]
[Source "ChessBase"]
[SourceDate "2006.11.23"]
[SourceVersion "1"]
[SourceVersionDate "2006.11.23"]
[SourceQuality "1"]

1. e4 e5 2. d4 exd4 3. c3 dxc3 4. Nxc3 Nc6 5. Bc4 Nf6 6. Nf3 d6 7. Ng5 Ne5 8. Bb3 h6 9. f4 hxg5 10. fxe5 Bg4 11. Qc2 dxe5 12. Bxg5 Bb4 13. Bxf7+ Kxf7 14. Qb3+ Kf8 15. Qxb4+ Qd6 16. Qxb7 Re8 17. Qxa7 Qd3 18. Qe3 Qxe3+ 19. Bxe3 Kf7 20. 0-0 Rh5 21. h3 Be6 22. a4 Reh8 23. a5 Bxh3 24. Nd5 Bd7 25. Nxf6 gxf6 26. a6 Bc6 27. Rac1 Rh1+ 28. Kf2 Rxf1+ 29. Rxf1 Bxe4 30. b4 Rb8 31. Bc5 Bd3 32. a7 Rg8 33. Rd1 Be4 34. Rd7+ Ke6 35. Re7+ Kf5 36. g3 Rc8 37. Ke3 Bd5 38. Rd7 Bc6 39. Rg7 Be4 40. g4+ 1-0